Normal view
MARC view
- Hill, Darryl C.
Entry Personal Name
001 - CONTROL NUMBER
- control field: 19470
003 - CONTROL NUMBER IDENTIFIER
- control field: NUST
005 - DATE AND TIME OF LATEST TRANSACTION
- control field: 20190823101149.0
008 - FIXED-LENGTH DATA ELEMENTS
- fixed length control field: 190823|| aca||aabn | a|a d
040 ## - CATALOGING SOURCE
- Original cataloging agency: NUST
- Transcribing agency: NUST
100 ## - HEADING--PERSONAL NAME
- Personal name: Hill, Darryl C.
670 ## - SOURCE DATA FOUND
- Source citation: Work cat.: (NUST): Hill, Darryl C., construction Safety management and engineering/
